000 00769nam a22002175i 4500
001 168830
003 ES-MaACL
005 20250718081353.0
008 080612q1870 fr |||| | fre d
080 _a782.089.6
100 1 _aGounod, Charles,
_d1818-1893
_9240526
245 1 0 _aPhilémon et Baucis [
_hMúsica impresa]
_b: opéra en 2 actes /
_cde J. Barbier et M. Carré ; musique de Ch. Gounod.
260 _aParis :
_bChoudens Fils,
_c[ca. 1870]
300 _a1 partitura de coro (67 p.) ;
_c19 cm.
650 4 _aÓperas-
_xPartituras de coro.
_9137579
700 1 _aBarbier, Jules.
_925457
700 1 _aCarré, Michel.
_9138040
852 4 _aES-MaACL
_jE-12077
_z- Biblioteca Jacinto Martínez Lacalle
942 _2udc
999 _c168830
_d168830